[Event "Lindores Abbey Final 8"]
[Site "chess24.com INT"]
[Date "2020.05.23"]
[Round "1.11"]
[White "Aronian, Levon"]
[Black "Nakamura, Hikaru"]
[Result "1-0"]
[WhiteTitle "GM"]
[BlackTitle "GM"]
[WhiteElo "2773"]
[BlackElo "2736"]
[WhiteFideId "13300474"]
[BlackFideId "2016192"]
[EventDate "2020.05.23"]

1. d4 Nf6 2. c4 e6 3. Nf3 d5 4. Nc3 Be7 5. Bf4 O-O 6. e3 Nbd7 7. c5 c6 8. h3 b6
9. b4 a5 10. a3 h6 11. Bd3 Ba6 12. O-O Qc8 13. Na4 Qb7 14. Qc2 Bxd3 15. Qxd3 Ne4
16. Rfb1 axb4 17. axb4 b5 18. Nc3 f5 19. Ne2 Bf6 20. Ne5 Ng5 21. Nxd7 Qxd7 22.
Nc1 Nf7 23. Qc3 Rfe8 24. Nd3 Qb7 25. Rb3 Ra4 26. Rxa4 bxa4 27. Ra3 Qb5 28. Qc2
Ra8 29. Bc7 Bd8 30. Ba5 Bf6 31. f4 g5 32. g3 h5 33. Qxa4 Qxa4 34. Rxa4 h4 35.
gxh4 gxf4 36. Nxf4 e5 37. Ng6 exd4 38. exd4 Bxd4+ 39. Kf1 Bf6 40. Ra2 Kh7 41. h5
Ng5 42. Nf4 Ne4 43. Nd3 Bd4 44. Rg2 f4 45. Nxf4 Rf8 46. Bc7 Rf7 47. Ke2 Bc3 48.
Ne6 Bxb4 49. Bd6 Bc3 50. Ng5+ Nxg5 51. Rxg5 Bb4 52. Rg4 Rb7 53. Kd3 Rb5 54. Kd4
Ba3 55. Rg6 Rb3 56. Ke5 Rxh3 57. Ke6 Rxh5 58. Rg3 Bb4 59. Kd7 d4 60. Kxc6 Rf5
61. Rd3 Bc3 62. Kd7 Bb4 63. Kc6 Bc3 64. Rg3 Bb4 65. Kb5 Be1 66. Rh3+ Kg6 67. Kc4
Ba5 68. Kxd4 Kf7 69. Rh7+ Kf6 70. Ke4 Rf1 71. Kd5 Rd1+ 72. Kc6 Bb4 73. Rh4 Ba3
74. Rh3 Bb4 75. Rb3 Rd4 76. Kb5 Bxc5 77. Kxc5 Rd1 78. Re3 Rc1+ 79. Kd5 Rd1+ 80.
Kc6 Kf5 81. Rf3+ Ke4 82. Rf4+ Ke3 83. Rh4 Kf3 84. Kc5 Ke3 85. Be5 Rd8 86. Bd6
Ra8 87. Kd5 Ra5+ 88. Bc5+ Kf3 89. Rc4 Rb5 90. Ke5 Rb8 91. Rc2 Re8+ 92. Kf5 Rc8
93. Rc3+ Ke2 94. Ke4 Re8+ 95. Kf4 Rd8 96. Rh3 Re8 97. Bd4 Kd2 98. Be5 Kc2 99.
Ke4 Rd8 100. Rc3+ Kd2 101. Rb3 Rc8 102. Rh3 Kc2 103. Rh2+ Kb3 104. Rb2+ Ka3 105.
Rb7 Re8 106. Kd5 Rc8 107. Bc7 Rh8 108. Bd6+ Ka2 109. Kc4 Rc8+ 110. Bc7 Rf8 111.
Be5 Rc8+ 112. Kd3 Rc1 113. Rb2+ Ka1 114. Rf2+ Kb1 115. Bd4 Rd1+ 116. Kc3 Re1
117. Kb3 Kc1 118. Bc3 1-0

[Event "Lindores Abbey Final 8"]
[Site "chess24.com INT"]
[Date "2020.05.23"]
[Round "1.11"]
[White "Yu, Yangyi"]
[Black "Ding, Liren"]
[Result "1/2-1/2"]
[WhiteTitle "GM"]
[BlackTitle "GM"]
[WhiteElo "2709"]
[BlackElo "2791"]
[WhiteFideId "8603820"]
[BlackFideId "8603677"]
[EventDate "2020.05.23"]

1. d4 Nf6 2. c4 e6 3. Nc3 Bb4 4. e3 O-O 5. Ne2 Re8 6. a3 Bf8 7. Ng3 d5 8. Be2 b6
9. O-O Ba6 10. b3 Nc6 11. Qc2 Na5 12. cxd5 Bxe2 13. Ncxe2 exd5 14. Bd2 Nb7 15.
Qc6 Nd6 16. Rfc1 Rc8 17. Nf4 Nde4 18. Nxe4 dxe4 19. Bb4 Bd6 20. Bxd6 cxd6 21.
Qb7 Rxc1+ 22. Rxc1 Qa8 23. Qc7 d5 24. h4 h6 25. h5 Rd8 26. Rc6 Rd7 27. Qc8+ Qxc8
28. Rxc8+ Kh7 29. b4 g5 30. hxg6+ fxg6 31. b5 Ng4 32. a4 g5 33. Ne6 Rf7 34. Rc7
Rxc7 35. Nxc7 Nf6 36. Na6 Ne8 37. Nb4 Nc7 38. Nc6 a5 39. Ne7 Kg7 40. g4 Kf7 41.
Nc6 Ne8 42. Kf1 Nd6 43. Ne5+ Ke6 44. Ke2 Ne8 45. Kd2 Nf6 46. Ke2 Ke7 47. Kd2 Ke6
48. Ke2 Ke7 49. Kd2 Ke6 1/2-1/2

[Event "Lindores Abbey Final 8"]
[Site "chess24.com INT"]
[Date "2020.05.23"]
[Round "1.12"]
[White "Nakamura, Hikaru"]
[Black "Aronian, Levon"]
[Result "1/2-1/2"]
[WhiteTitle "GM"]
[BlackTitle "GM"]
[WhiteElo "2736"]
[BlackElo "2773"]
[WhiteFideId "2016192"]
[BlackFideId "13300474"]
[EventDate "2020.05.23"]

1. e4 e5 2. Nf3 Nf6 3. Nxe5 d6 4. Nf3 Nxe4 5. Nc3 Nxc3 6. dxc3 Be7 7. Be3 O-O 8.
Qd2 Nd7 9. O-O-O c6 10. h4 d5 11. Bd3 Nc5 12. Ng5 h6 13. Rde1 Nxd3+ 14. Qxd3 f5
15. f4 Bd6 16. Nf3 Re8 17. g3 Re4 18. Nd2 Be6 19. Nxe4 fxe4 20. Qd2 Qa5 21. Kb1
h5 22. f5 Bxf5 23. Bf4 Bf8 24. Rhf1 Bg4 25. Be5 Bf3 26. Qf4 Qd8 27. Bd4 c5 28.
Be5 Qd7 29. Rxf3 exf3 30. Qxf3 Re8 31. Rf1 Qe6 32. Bf4 g6 33. a3 Qe4 34. Qd1 Bg7
35. Bc1 b6 36. g4 Qxg4 37. Qxd5+ Qe6 38. Qg2 Qe4 39. Qg3 Be5 40. Qg5 Qg4 41. Qd2
Bg7 42. Qd3 Qe4 43. Qd7 Re7 44. Qd6 Kh7 45. Bg5 Qc4 46. Rg1 Rf7 47. Qd1 Qb5 48.
Qd5 Rf1+ 49. Rxf1 Qxf1+ 50. Ka2 Qf5 51. Qb7 Qe6+ 52. Kb1 Qe1+ 53. Ka2 Qe6+ 54.
Kb1 Qe1+ 55. Ka2 Qe6+ 1/2-1/2

[Event "Lindores Abbey Final 8"]
[Site "chess24.com INT"]
[Date "2020.05.23"]
[Round "1.12"]
[White "Ding, Liren"]
[Black "Yu, Yangyi"]
[Result "1/2-1/2"]
[WhiteTitle "GM"]
[BlackTitle "GM"]
[WhiteElo "2791"]
[BlackElo "2709"]
[WhiteFideId "8603677"]
[BlackFideId "8603820"]
[EventDate "2020.05.23"]

1. c4 e5 2. g3 Nf6 3. Bg2 Nc6 4. Nc3 Bc5 5. e3 d5 6. cxd5 Nb4 7. d3 Nfxd5 8.
Nxd5 Nxd5 9. Nf3 Qe7 10. O-O O-O 11. b3 c6 12. Bb2 Bd6 13. Nd2 Ba3 14. Bxa3 Qxa3
15. Nc4 Qe7 16. Qd2 Rd8 17. Qb2 Nb4 18. Qxe5 Qxe5 19. Nxe5 Nxd3 20. Rfd1 Bf5 21.
Nxd3 Bxd3 22. Rd2 Bf5 23. Rad1 Rxd2 24. Rxd2 a5 25. e4 Be6 26. f4 g6 27. Bf1 b5
28. Rc2 a4 29. Rxc6 axb3 30. axb3 Ra1 31. Kf2 Ra2+ 32. Ke3 Rxh2 33. Bxb5 Bxb3
34. Bc4 Bxc4 35. Rxc4 h5 36. Kf3 Ra2 37. e5 Ra3+ 38. Kg2 Ra2+ 39. Kf3 Ra3+ 40.
Kg2 Ra2+ 41. Kh3 Re2 42. Rc7 Kg7 43. Rb7 Re1 44. Rc7 1/2-1/2

[Event "Lindores Abbey Final 8"]
[Site "chess24.com INT"]
[Date "2020.05.23"]
[Round "1.13"]
[White "Aronian, Levon"]
[Black "Nakamura, Hikaru"]
[Result "1/2-1/2"]
[WhiteTitle "GM"]
[BlackTitle "GM"]
[WhiteElo "2773"]
[BlackElo "2736"]
[WhiteFideId "13300474"]
[BlackFideId "2016192"]
[EventDate "2020.05.23"]

1. d4 Nf6 2. c4 e6 3. Nf3 d5 4. Nc3 Be7 5. Bf4 O-O 6. e3 Nbd7 7. c5 c6 8. h3 b6
9. b4 a5 10. a3 h6 11. Qb1 Ne4 12. Nxe4 dxe4 13. Ne5 Nxe5 14. Bxe5 Qd5 15. Qb2
b5 16. Be2 a4 17. O-O Bd7 18. f3 f5 19. Qd2 Be8 20. fxe4 fxe4 21. Rxf8+ Bxf8 22.
Bd1 Bg6 23. Bc2 Be7 24. Bb1 Rf8 25. Ba2 Qd7 26. Qe1 Kh7 27. Qg3 Bd8 28. Rf1
Rxf1+ 29. Kxf1 Qf7+ 30. Ke1 Qf5 31. Qf4 Qf7 32. Bb1 Kg8 33. Qxf7+ Kxf7 34. Kf2
Bf5 35. g4 Bh7 36. Kg3 g5 37. Bc2 Bg6 38. Bd1 Kg8 39. Be2 Be8 40. Bf1 Kf8 41.
Bg2 Bg6 1/2-1/2

[Event "Lindores Abbey Final 8"]
[Site "chess24.com INT"]
[Date "2020.05.23"]
[Round "1.13"]
[White "Yu, Yangyi"]
[Black "Ding, Liren"]
[Result "1/2-1/2"]
[WhiteTitle "GM"]
[BlackTitle "GM"]
[WhiteElo "2709"]
[BlackElo "2791"]
[WhiteFideId "8603820"]
[BlackFideId "8603677"]
[EventDate "2020.05.23"]

1. d4 Nf6 2. c4 e6 3. Nc3 Bb4 4. e3 O-O 5. Ne2 Re8 6. a3 Bf8 7. Ng3 d5 8. Be2 b6
9. O-O Ba6 10. b3 Nc6 11. Qc2 dxc4 12. bxc4 Na5 13. Nce4 Nxe4 14. Nxe4 f5 15.
Nd2 Rc8 16. Rd1 Qe7 17. Nb3 Nxb3 18. Qxb3 Bb7 19. d5 Qf7 20. Bb2 exd5 21. cxd5
c6 22. Bh5 g6 23. Bf3 cxd5 24. a4 Rc4 25. a5 Bc5 26. axb6 Bxb6 27. h3 Rec8 28.
Be2 Rc2 29. Bd3 R2c7 30. Be5 Re7 31. Bd4 Bxd4 32. exd4 a6 33. Bxa6 Bxa6 34. Rxa6
Kg7 35. Ra5 Rc4 36. Rc5 Rc7 37. Qb6 Qd7 38. Re1 R4xc5 39. dxc5 d4 40. Rd1 Qe7
41. Qd6 Qxd6 42. cxd6 Rd7 43. Rxd4 Kf6 1/2-1/2

[Event "Lindores Abbey Final 8"]
[Site "chess24.com INT"]
[Date "2020.05.23"]
[Round "1.14"]
[White "Nakamura, Hikaru"]
[Black "Aronian, Levon"]
[Result "1-0"]
[WhiteTitle "GM"]
[BlackTitle "GM"]
[WhiteElo "2736"]
[BlackElo "2773"]
[WhiteFideId "2016192"]
[BlackFideId "13300474"]
[EventDate "2020.05.23"]

1. e4 e5 2. Nf3 Nf6 3. Nxe5 d6 4. Nf3 Nxe4 5. Nc3 Nxc3 6. dxc3 Be7 7. Be3 O-O 8.
Qd2 Nd7 9. O-O-O c6 10. h4 Re8 11. Bd3 Nf6 12. h5 Bg4 13. Rde1 Qd7 14. h6 g6 15.
Nd4 a6 16. f3 Be6 17. Nxe6 fxe6 18. Kb1 b5 19. g4 e5 20. c4 Qe6 21. Qe2 Rab8 22.
g5 Nd7 23. Ka1 bxc4 24. Bxc4 d5 25. Bb3 Nc5 26. Bxc5 Bxc5 27. Qxa6 Bf2 28. Re2
Bg3 29. c4 d4 30. c5 Rxb3 31. axb3 Qxb3 32. Qxc6 Rb8 33. Kb1 Qf7 34. Qf6 Qxf6
35. gxf6 Kf7 36. c6 Kxf6 37. c7 Rc8 38. Rc1 Ke7 39. Rc4 Kd7 40. Rec2 g5 41. b4
g4 42. fxg4 Be1 43. Re2 Bg3 44. b5 Rxc7 45. Rxc7+ Kxc7 46. g5 d3 47. Re4 1-0

[Event "Lindores Abbey Final 8"]
[Site "chess24.com INT"]
[Date "2020.05.23"]
[Round "1.14"]
[White "Ding, Liren"]
[Black "Yu, Yangyi"]
[Result "1/2-1/2"]
[WhiteTitle "GM"]
[BlackTitle "GM"]
[WhiteElo "2791"]
[BlackElo "2709"]
[WhiteFideId "8603677"]
[BlackFideId "8603820"]
[EventDate "2020.05.23"]

1. d4 d5 2. c4 dxc4 3. Nf3 Nf6 4. e3 e6 5. Bxc4 c5 6. O-O a6 7. dxc5 Bxc5 8.
Qxd8+ Kxd8 9. Be2 Ke7 10. Nc3 Nbd7 11. e4 b6 12. e5 Ng4 13. Bf4 f6 14. exf6+
gxf6 15. h3 Nge5 16. Nxe5 Nxe5 17. Bxe5 fxe5 18. Bf3 Ra7 19. Rac1 Bd7 20. Rc2
Bd4 21. Rfc1 Rc8 22. g4 h6 23. Kg2 a5 24. Ne2 Rxc2 25. Rxc2 Bb5 26. h4 Rd7 27.
Ng3 Bd3 28. Rd2 Bc4 29. b3 Bb5 30. a4 Ba6 31. Be4 Rd8 32. Nh5 Rg8 33. Kg3 Bc8
34. Bc6 Kd6 35. Be4 Ke7 36. Rd3 Ba6 37. Rd2 Bc8 1/2-1/2

[Event "Lindores Abbey Final 8"]
[Site "chess24.com INT"]
[Date "2020.05.23"]
[Round "1.15"]
[White "Aronian, Levon"]
[Black "Nakamura, Hikaru"]
[Result "0-1"]
[WhiteTitle "GM"]
[BlackTitle "GM"]
[WhiteElo "2773"]
[BlackElo "2736"]
[WhiteFideId "13300474"]
[BlackFideId "2016192"]
[EventDate "2020.05.23"]

1. c4 e5 2. Nc3 Nf6 3. Nf3 Nc6 4. g3 d5 5. cxd5 Nxd5 6. Bg2 Nb6 7. O-O Be7 8. d3
O-O 9. Be3 Be6 10. Qd2 Nd5 11. Rfc1 f6 12. Na4 Re8 13. Bc5 Bd6 14. a3 Nb6 15.
Qd1 Bd5 16. Be3 Bf8 17. b4 Nd4 18. Bxd4 exd4 19. Nc5 Rb8 20. Nb3 Bxf3 21. exf3
c6 22. f4 Na4 23. Nd2 Nc3 24. Qb3+ Kh8 25. Re1 Qd7 26. Ne4 Nxe4 27. dxe4 c5 28.
bxc5 Bxc5 29. Bf1 g6 30. Bb5 Qe6 31. Bc4 Qd6 32. Kg2 Re7 33. Qf3 Rbe8 34. h4 a6
35. a4 Bb4 36. Re2 Qc6 37. Bd5 Qc3 38. Rd1 Qxf3+ 39. Kxf3 Bc3 40. Rb1 Rd8 41.
Bc4 d3 42. Re3 d2 43. Bd5 Ba5 44. Ke2 Rc7 45. Rd1 b5 46. axb5 axb5 47. g4 Bc3
48. Bb3 b4 49. g5 fxg5 50. hxg5 Rf8 51. Rf3 Re7 52. e5 Kg7 53. e6 h6 54. gxh6+
Kxh6 55. Rg1 Rf6 56. Rfg3 Rexe6+ 57. Bxe6 Rxe6+ 58. Re3 Rf6 59. Re4 Kg7 60. Rc4
Re6+ 0-1

[Event "Lindores Abbey Final 8"]
[Site "chess24.com INT"]
[Date "2020.05.23"]
[Round "1.15"]
[White "Yu, Yangyi"]
[Black "Ding, Liren"]
[Result "1-0"]
[WhiteTitle "GM"]
[BlackTitle "GM"]
[WhiteElo "2709"]
[BlackElo "2791"]
[WhiteFideId "8603820"]
[BlackFideId "8603677"]
[EventDate "2020.05.23"]

1. e4 e5 2. Nf3 Nc6 3. Bc4 Nf6 4. Ng5 d5 5. exd5 Na5 6. Bb5+ c6 7. dxc6 bxc6 8.
Bd3 Nd5 9. Nf3 Bd6 10. Nc3 O-O 11. Be2 f5 12. d3 Nxc3 13. bxc3 e4 14. Nd4 Qf6
15. O-O Qe5 16. f4 Qe7 17. Kh1 Bd7 18. Rb1 Rad8 19. Bd2 c5 20. Nb5 Bb8 21. dxe4
fxe4 22. Qe1 e3 23. Bc1 Bxf4 24. c4 Nc6 25. Bf3 Kh8 26. Nc3 Qe5 27. Nd5 Bxh2 28.
Qxe3 Nd4 29. Qxe5 Bxe5 30. Be3 Bc6 31. Be4 Ne2 32. Rxf8+ Rxf8 33. Bf3 Nd4 34.
Bxd4 Bxd4 35. Re1 g6 36. Re6 Bxd5 37. cxd5 Kg7 38. d6 Rd8 39. Bc6 Kf7 40. Bd5
Kg7 41. c4 h5 42. g3 g5 43. Kg2 g4 44. Bc6 Kf7 45. Bd5 Kg7 46. a4 a5 47. Be4 Kf7
48. Bd5 Kg7 49. Re7+ Kf6 50. Rf7+ Ke5 51. d7 Kd6 52. Rh7 Rxd7 53. Rh6+ Kc7 54.
Rc6+ Kd8 55. Rh6 Re7 56. Rxh5 Re2+ 57. Kf1 Rf2+ 58. Ke1 Rb2 59. Rg5 Ra2 60. Rg8+
Ke7 61. Bf7 Kxf7 62. Rxg4 Rxa4 63. Rf4+ Ke6 64. Kd1 Ra1+ 65. Kc2 a4 66. Kd3 a3
67. Re4+ Kd6 68. Re2 a2 69. Ke4 1-0

[Event "Lindores Abbey Final 8"]
[Site "chess24.com INT"]
[Date "2020.05.24"]
[Round "1.11"]
[White "Dubov, Daniil"]
[Black "Karjakin, Sergey"]
[Result "1-0"]
[WhiteTitle "GM"]
[BlackTitle "GM"]
[WhiteElo "2699"]
[BlackElo "2752"]
[WhiteFideId "24126055"]
[BlackFideId "14109603"]
[EventDate "2020.05.23"]

1. d4 Nf6 2. c4 e6 3. Nf3 d5 4. g3 Be7 5. Bg2 O-O 6. Nc3 dxc4 7. Ne5 c5 8. dxc5
Qxd1+ 9. Nxd1 Bxc5 10. Ne3 c3 11. bxc3 Nbd7 12. Nd3 Rb8 13. Nc4 b6 14. Bf4 Bb7
15. Bxb8 Bxg2 16. Bd6 Bxh1 17. Bxf8 Kxf8 18. f3 Bg2 19. Nf4 Bh1 20. Kf1 b5 21.
Nb2 e5 22. Nfd3 Ba3 23. Nd1 e4 24. N3f2 Bxf3 25. exf3 exf3 26. Rb1 a6 27. Rb3
Bc5 28. c4 bxc4 29. Rxf3 Ne5 30. Rf5 Nfd7 31. Ne4 Bd4 32. Ke2 g6 33. Rf1 Ke7 34.
Ne3 f5 35. Nd5+ Ke6 36. Nf4+ Ke7 37. Rd1 Bb2 38. Nd5+ Ke6 39. Ng5+ Kd6 40. Nf6+
Kc6 41. Nxd7 Nxd7 42. Nxh7 Nb6 43. Nf8 Nd5 44. Rf1 c3 45. Nxg6 c2 46. Kd2 Nb4
47. a4 Kd6 48. h4 c1=Q+ 49. Rxc1 Bxc1+ 50. Kxc1 Nd3+ 51. Kc2 Nf2 52. h5 Ng4 53.
Kd3 Kc5 54. Nh4 Kb4 55. Nxf5 Kxa4 56. h6 Nf6 57. Kc4 Ka5 58. Ne3 Nh7 59. Nd5 Ka4
60. g4 a5 61. Nc3+ Ka3 62. Ne4 a4 63. Kc3 Ka2 64. g5 Nf8 65. Kc2 a3 66. Nc3+ Ka1
67. Kb3 a2 68. Nxa2 Kb1 69. Nb4 Kc1 70. Kc3 Kd1 71. Kd3 Ne6 72. h7 1-0

[Event "Lindores Abbey Final 8"]
[Site "chess24.com INT"]
[Date "2020.05.24"]
[Round "1.11"]
[White "Carlsen, Magnus"]
[Black "So, Wesley"]
[Result "1-0"]
[WhiteTitle "GM"]
[BlackTitle "GM"]
[WhiteElo "2863"]
[BlackElo "2770"]
[WhiteFideId "1503014"]
[BlackFideId "5202213"]
[EventDate "2020.05.23"]

1. d4 Nf6 2. c4 e6 3. Nc3 Bb4 4. Nf3 O-O 5. Bg5 c5 6. Rc1 cxd4 7. Nxd4 h6 8. Bh4
d5 9. cxd5 g5 10. Bg3 Qxd5 11. e3 Qxa2 12. Qc2 Bxc3+ 13. Qxc3 Ne4 14. Qc2 Qa5+
15. Ke2 Nxg3+ 16. hxg3 Kg7 17. f4 Bd7 18. b4 Qxb4 19. fxg5 Rc8 20. gxh6+ Kh8 21.
Qxc8+ Bxc8 22. Rxc8+ Kh7 23. Nf3 f6 24. Kf2 Qb2+ 25. Be2 Na6 26. Rxa8 Nc5 27.
Rd1 Ne4+ 28. Kg1 f5 29. Bd3 Qf2+ 30. Kh1 Qxe3 31. Bxe4 fxe4 32. Rd7+ Kg6 33.
Rg8+ 1-0

[Event "Lindores Abbey Final 8"]
[Site "chess24.com INT"]
[Date "2020.05.24"]
[Round "1.12"]
[White "Karjakin, Sergey"]
[Black "Dubov, Daniil"]
[Result "0-1"]
[WhiteTitle "GM"]
[BlackTitle "GM"]
[WhiteElo "2752"]
[BlackElo "2699"]
[WhiteFideId "14109603"]
[BlackFideId "24126055"]
[EventDate "2020.05.23"]

1. e4 e5 2. Nf3 Nc6 3. Bc4 Nf6 4. d3 h6 5. c3 g5 6. a4 g4 7. Nfd2 d5 8. exd5
Nxd5 9. a5 Bg7 10. a6 b6 11. h3 Nf4 12. Ne4 gxh3 13. g3 Ne6 14. Qf3 Bd7 15. Rxh3
Qe7 16. Rh5 O-O-O 17. Be3 Rhf8 18. Rf5 Kb8 19. Na3 Nf4 20. Nd2 Bxf5 21. Qxc6 Bc8 0-1

[Event "Lindores Abbey Final 8"]
[Site "chess24.com INT"]
[Date "2020.05.24"]
[Round "1.12"]
[White "So, Wesley"]
[Black "Carlsen, Magnus"]
[Result "0-1"]
[WhiteTitle "GM"]
[BlackTitle "GM"]
[WhiteElo "2770"]
[BlackElo "2863"]
[WhiteFideId "5202213"]
[BlackFideId "1503014"]
[EventDate "2020.05.23"]

1. e4 e5 2. Nf3 Nc6 3. Bb5 Nf6 4. d3 Bc5 5. Bxc6 dxc6 6. O-O Qe7 7. Nbd2 Bg4 8.
h3 Bh5 9. Nc4 Nd7 10. a3 a6 11. b4 Ba7 12. Be3 Bxe3 13. Nxe3 f6 14. Nf5 Qf8 15.
Ng3 Bf7 16. Qd2 g6 17. Nh2 h5 18. f4 exf4 19. Qxf4 O-O-O 20. e5 f5 21. Nf3 Qe7
22. Rae1 Rde8 23. h4 Bd5 24. Ng5 c5 25. Re3 b5 26. Ne2 Bb7 27. Nc3 cxb4 28. axb4
Nf6 29. Rfe1 Ng4 30. R3e2 c5 31. e6 cxb4 32. Nf7 Qc7 33. Qxc7+ Kxc7 34. Nxh8
Rxh8 35. Nd1 Re8 36. e7 Bd5 37. Ne3 Nxe3 38. Rxe3 a5 39. Kf2 a4 40. Kg3 a3 41.
Kf4 b3 42. cxb3 b4 43. d4 Kd6 44. Re5 a2 45. Ra1 Bxb3 46. Rb5 Rxe7 47. Rxb4 Re4+
48. Kg5 Rg4+ 49. Kf6 Rg3 50. Rb5 Bc4 51. Rc5 Bd5 52. Ra5 Bb3 53. Rc1 Rxg2 54.
Rcc5 Rg1 55. Ra6+ Kd7 56. Ra7+ Kd6 57. Ra6+ Kd7 58. Rca5 Bc4 59. Ra7+ Kd6 60.
Ra8 f4 61. Rd8+ Kc7 62. Rda8 f3 63. Rxa2 Bxa2 64. Rxa2 Kd6 0-1

[Event "Lindores Abbey Final 8"]
[Site "chess24.com INT"]
[Date "2020.05.24"]
[Round "1.13"]
[White "Dubov, Daniil"]
[Black "Karjakin, Sergey"]
[Result "1-0"]
[WhiteTitle "GM"]
[BlackTitle "GM"]
[WhiteElo "2699"]
[BlackElo "2752"]
[WhiteFideId "24126055"]
[BlackFideId "14109603"]
[EventDate "2020.05.23"]

1. d4 Nf6 2. c4 d6 3. Nf3 g6 4. Nc3 Bf5 5. e3 Bg7 6. Bd3 Bc8 7. O-O O-O 8. e4
Nc6 9. d5 Nb4 10. Be2 c5 11. Bf4 Bg4 12. h3 Bxf3 13. Bxf3 Nd7 14. Be2 Na6 15.
Qd2 Re8 16. Be3 Nc7 17. Rad1 Rb8 18. g3 a6 19. a4 e6 20. Kg2 exd5 21. exd5 Na8
22. b3 Qb6 23. Qc2 Rxe3 24. fxe3 Qd8 25. Rf2 Qe7 26. Rdf1 Rf8 27. Qd2 Bh6 28.
Nd1 Ne5 29. a5 Nc7 30. Nb2 Ne8 31. Nd3 Bg7 32. Nxe5 Bxe5 33. e4 Nf6 34. Bd3 Nd7
35. Bc2 Bd4 36. Rf4 Bg7 37. R4f2 Ne5 38. Qe2 h5 39. Qd2 Kh7 40. Bd1 Bh6 41. Qc3
Bg7 42. Qd2 Rc8 43. Bc2 Rc7 44. Qe1 Kg8 45. Qd2 Kf8 46. Bd1 Ke8 47. Bc2 Kd8 48.
Bb1 Kc8 49. Bc2 Kb8 50. Bb1 Ka7 51. Bc2 Kb8 52. Bb1 Rc8 53. Bc2 Rh8 54. Bb1 Bh6
55. Qc3 Rh7 56. Bc2 Bg5 57. Bb1 Qf8 58. Bc2 Qe8 59. Bb1 Qd7 60. Bc2 Rg7 61. Bd1
Rg8 62. Bc2 Re8 63. Bb1 Re7 64. Bc2 Kc8 65. Bb1 Kd8 66. Bc2 Ke8 67. Bb1 Kf8 68.
Bc2 Kg8 69. Bb1 Re8 70. Bc2 Rb8 71. Bd1 Bh6 72. Bc2 Bg7 73. Qd2 b5 74. axb6 Rxb6
75. Bd1 Qb7 76. Qg5 Qc7 77. g4 hxg4 78. Bxg4 Rb7 79. Rxf7 Nxf7 80. Be6 Qb8 81.
Qxg6 Qe8 82. e5 dxe5 83. d6 Kf8 84. Qf5 Qc6+ 85. Bd5 Qd7 86. Bxf7 Qxf5 87. Rxf5
Rxb3 88. Bd5+ Ke8 89. Rf7 Bh6 90. Re7+ Kf8 91. Rf7+ Ke8 92. Rf6 Bg7 93. Bc6+ Kd8
94. Re6 1-0

[Event "Lindores Abbey Final 8"]
[Site "chess24.com INT"]
[Date "2020.05.24"]
[Round "1.13"]
[White "Carlsen, Magnus"]
[Black "So, Wesley"]
[Result "1/2-1/2"]
[WhiteTitle "GM"]
[BlackTitle "GM"]
[WhiteElo "2863"]
[BlackElo "2770"]
[WhiteFideId "1503014"]
[BlackFideId "5202213"]
[EventDate "2020.05.23"]

1. e4 c6 2. d4 d5 3. exd5 cxd5 4. Bd3 Nc6 5. c3 Nf6 6. Bf4 Bg4 7. Qb3 Qc8 8. Nd2
e6 9. Ngf3 Be7 10. O-O Bh5 11. Rae1 Bg6 12. Bxg6 hxg6 13. h4 a6 14. a4 Nh5 15.
Bh2 Nf6 16. Bf4 Nh5 17. Bh2 Nf6 18. Bf4 1/2-1/2

[Event "Lindores Abbey Final 8"]
[Site "chess24.com INT"]
[Date "2020.05.25"]
[Round "1.21"]
[White "Nakamura, Hikaru"]
[Black "Aronian, Levon"]
[Result "1-0"]
[WhiteTitle "GM"]
[BlackTitle "GM"]
[WhiteElo "2736"]
[BlackElo "2773"]
[WhiteFideId "2016192"]
[BlackFideId "13300474"]
[EventDate "2020.05.23"]

1. e4 e5 2. Nf3 Nf6 3. Nxe5 d6 4. Nf3 Nxe4 5. d4 d5 6. Bd3 Bd6 7. O-O O-O 8. c4
c6 9. Nc3 Nxc3 10. bxc3 dxc4 11. Bxc4 Bf5 12. Bg5 Qa5 13. Re1 Nd7 14. Nh4 Nb6
15. Bb3 Rae8 16. Nxf5 Rxe1+ 17. Qxe1 Qxf5 18. Bd2 Nd5 19. Qe2 Nf6 20. Re1 h6 21.
f3 Re8 22. Qd1 Rxe1+ 23. Bxe1 Nd5 24. g3 b5 25. Qe2 Qd7 26. a4 a6 27. c4 Nc7 28.
Kg2 Ne6 29. Bf2 Qe7 30. Qe4 bxa4 31. Bc2 Qg5 32. c5 Bc7 33. Bxa4 h5 34. h4 Qd2
35. Bb3 Nd8 36. Qe8+ Kh7 37. Bxf7 Nxf7 38. Qxf7 Ba5 39. Qf5+ 1-0

[Event "Lindores Abbey Final 8"]
[Site "chess24.com INT"]
[Date "2020.05.25"]
[Round "1.21"]
[White "Ding, Liren"]
[Black "Yu, Yangyi"]
[Result "1-0"]
[WhiteTitle "GM"]
[BlackTitle "GM"]
[WhiteElo "2791"]
[BlackElo "2709"]
[WhiteFideId "8603677"]
[BlackFideId "8603820"]
[EventDate "2020.05.23"]

1. d4 d5 2. c4 dxc4 3. Nf3 Nf6 4. e3 e6 5. Bxc4 c5 6. O-O a6 7. Be2 Be7 8. dxc5
O-O 9. b4 a5 10. b5 Bxc5 11. Nc3 Qxd1 12. Rxd1 a4 13. Ne5 Nbd7 14. Nd3 Be7 15.
e4 a3 16. Be3 e5 17. f3 h6 18. Rab1 Rd8 19. Nb4 Kf8 20. Kf2 Ra5 21. Nbd5 Nxd5
22. Nxd5 Ra4 23. Rbc1 Ra8 24. Nxe7 Kxe7 25. Rc7 Ke8 26. Bc4 Ra4 27. Bb3 Ra8 28.
b6 Ra6 29. h4 Ra5 30. g4 Kf8 31. g5 hxg5 32. hxg5 g6 33. Rdc1 Ra8 34. Bc5+ Kg7
35. Be7 Re8 36. Rxd7 Bxd7 37. Bf6+ 1-0

[Event "Lindores Abbey Final 8"]
[Site "chess24.com INT"]
[Date "2020.05.25"]
[Round "1.22"]
[White "Aronian, Levon"]
[Black "Nakamura, Hikaru"]
[Result "1/2-1/2"]
[WhiteTitle "GM"]
[BlackTitle "GM"]
[WhiteElo "2773"]
[BlackElo "2736"]
[WhiteFideId "13300474"]
[BlackFideId "2016192"]
[EventDate "2020.05.23"]

1. d4 Nf6 2. c4 e6 3. Nf3 d5 4. Nc3 Be7 5. Bf4 O-O 6. e3 Nbd7 7. c5 c6 8. h3 b6
9. b4 a5 10. a3 h6 11. Qc1 Bb7 12. Be2 Qc8 13. O-O Ba6 14. Re1 Qb7 15. Rb1 axb4
16. axb4 Bxe2 17. Rxe2 Ra7 18. Rc2 b5 19. Nd2 Rfa8 20. g4 Bd8 21. Bg3 Bc7 22. f4
Ra3 23. Kg2 R8a7 24. Nb3 Qa8 25. Na5 Rxc3 26. Rxc3 Bxa5 27. bxa5 Rxa5 28. Be1
Ne4 29. Rcb3 Ra2+ 30. R1b2 Ra1 31. Rb1 Ra2+ 32. R1b2 Ra1 33. Rb1 Ra2+ 1/2-1/2

[Event "Lindores Abbey Final 8"]
[Site "chess24.com INT"]
[Date "2020.05.25"]
[Round "1.22"]
[White "Yu, Yangyi"]
[Black "Ding, Liren"]
[Result "1/2-1/2"]
[WhiteTitle "GM"]
[BlackTitle "GM"]
[WhiteElo "2709"]
[BlackElo "2791"]
[WhiteFideId "8603820"]
[BlackFideId "8603677"]
[EventDate "2020.05.23"]

1. d4 Nf6 2. c4 e6 3. Nc3 Bb4 4. e3 O-O 5. Ne2 d5 6. a3 Be7 7. cxd5 exd5 8. Nf4
Re8 9. Bd3 c6 10. O-O Nbd7 11. Bd2 Nf8 12. Nce2 Bd6 13. f3 g5 14. Nh3 Bxh3 15.
gxh3 Qd7 16. Ng3 Qxh3 17. Rf2 Ng6 18. Nf5 Bc7 19. Qf1 Qxf1+ 20. Raxf1 Nh4 21.
Nxh4 gxh4 22. e4 Bb6 23. e5 Nh5 24. Rg2+ Kh8 25. Rg4 Rg8 26. Kh1 Rxg4 27. fxg4
Ng7 28. Rxf7 Bxd4 29. Rxb7 Bxe5 30. Kg2 Rb8 31. Rxa7 Rxb2 32. Ra8+ Rb8 33. Rxb8+
Bxb8 34. Be3 Ne6 35. Bf5 Nf4+ 36. Kf3 Ng6 37. a4 Ne5+ 38. Kg2 Nc4 39. Bd4+ Kg8
40. Bd7 Na5 41. Bc3 Bc7 42. Bxa5 Bxa5 43. Bxc6 d4 44. Be4 h6 45. Kf3 Kf7 46. Bd3
Ke6 47. Ke4 Bc3 48. h3 Kd6 49. Kf5 Bd2 50. Kg6 Kc7 51. a5 Kb8 52. a6 Bg5 53. Kf5
Ka7 54. Ke6 Kb6 55. Kd7 Ka7 56. Kc6 Be3 57. Kc5 Bf2 58. Kd5 Be3 59. Ke4 Kb6 60.
Kd5 Ka7 61. Ke4 Kb6 62. Kd5 Ka7 1/2-1/2